[Event "Eforie Nord Seacoast op 27th"]
[Site "Eforie Nord"]
[Date "2017.06.22"]
[Round "4"]
[White "Dragomirescu, Angela"]
[Black "Stejeroiu, Vlad"]
[Result "1-0"]
[WhiteElo "2228"]
[BlackElo "2065"]
[PlyCount "73"]
[EventDate "2017.06.19"]
[EventType "swiss"]
[EventRounds "10"]
[EventCountry "ROU"]
[SourceTitle "CBM 179 Extra"]
[Source "ChessBase"]
[SourceDate "2017.08.23"]
[SourceVersion "1"]
[SourceVersionDate "2017.08.23"]
[SourceQuality "1"]

1. d4 d5 2. c4 dxc4 3. e3 e6 4. Bxc4 Nf6 5. Nf3 a6 6. Bb3 Nbd7 7. 0-0 c5 8. e4 cxd4 9. e5 Ne4 10. Qxd4 Ndc5 11. Qxd8+ Kxd8 12. Bc2 f5 13. Nd4 h6 14. b4 Bd7 15. bxc5 Bxc5 16. Bb2 Rc8 17. Bb3 Ke7 18. Ba3 b5 19. Bxc5+ Rxc5 20. f3 Ng5 21. Nd2 Rhc8 22. f4 Nf7 23. Ne2 g5 24. g3 gxf4 25. gxf4 a5 26. Rfc1 a4 27. Rxc5 Rxc5 28. Bd1 Rd5 29. Nf3 Rd3 30. Ned4 b4 31. Rb1 Nd8 32. Be2 Ra3 33. Rb2 Nc6 34. Kf2 Na5 35. Nc2 Rc3 36. Nxb4 Nc4 37. Rc2 1-0

[Event "ROM-ch U18"]
[Site "Baile Felix"]
[Date "2017.02.08"]
[Round "8"]
[White "Stejeroiu, Vlad"]
[Black "Geiger, Alex Emanuel"]
[Result "1/2-1/2"]
[WhiteElo "2003"]
[BlackElo "2155"]
[PlyCount "30"]
[EventDate "2017.02.02"]
[EventType "swiss"]
[EventRounds "9"]
[EventCountry "ROU"]
[SourceTitle "CBM 176 Extra"]
[Source "ChessBase"]
[SourceDate "2017.03.02"]
[SourceVersion "1"]
[SourceVersionDate "2017.03.02"]
[SourceQuality "1"]

1. d4 f5 2. c4 Nf6 3. Nf3 g6 4. Nc3 Bg7 5. Bf4 d6 6. e3 0-0 7. c5 Qe8 8. Bc4+ Kh8 9. Nb5 Na6 10. cxd6 cxd6 11. Qb3 Ne4 12. Ng5 Nxg5 13. Bxg5 Bd7 14. h4 h5 15. 0-0 Bc6 1/2-1/2

[Event "ROM-ch U18"]
[Site "Calimanesti Caciulata"]
[Date "2016.04.20"]
[Round "3"]
[White "Stejeroiu, Vlad"]
[Black "Voicu, Gabriel"]
[Result "1/2-1/2"]
[WhiteElo "1873"]
[BlackElo "1962"]
[PlyCount "95"]
[EventDate "2016.04.18"]
[EventType "swiss"]
[EventRounds "9"]
[EventCountry "ROU"]
[SourceTitle "CBM 172 Extra"]
[Source "ChessBase"]
[SourceDate "2016.06.21"]
[SourceVersion "1"]
[SourceVersionDate "2016.06.21"]
[SourceQuality "1"]

1. d4 f5 2. c4 Nf6 3. Nc3 g6 4. Nf3 Bg7 5. g3 0-0 6. Bg2 d6 7. 0-0 c6 8. Qc2 Qc7 9. b3 a5 10. Bb2 Na6 11. Rac1 Bd7 12. Qb1 Rac8 13. Rfd1 Qb8 14. a3 b5 15. cxb5 cxb5 16. e3 b4 17. Ne2 bxa3 18. Bxa3 Nb4 19. Nd2 Rfe8 20. Nc4 Bb5 21. Nf4 Bxc4 22. Rxc4 Rxc4 23. bxc4 Rc8 24. Qb3 Na6 25. Qa2 Nb4 26. Qb3 Ne4 27. c5+ Kh8 28. Bxe4 fxe4 29. Ne6 Nd3 30. Rb1 Qxb3 31. Rxb3 dxc5 32. Nxc5 Nxc5 33. Bxc5 e5 34. Ra3 exd4 35. Bxd4 Ra8 36. Kf1 Kg8 37. Bxg7 Kxg7 38. Ke2 a4 39. Kd2 Kf6 40. Kc3 Kf5 41. h3 Rc8+ 42. Kd4 Rd8+ 43. Kc4 Rd2 44. Rxa4 Rxf2 45. Ra5+ Kf6 46. Kd4 Rf3 47. g4 Rxh3 48. Kxe4 1/2-1/2

[Event "ROM-ch U18"]
[Site "Calimanesti Caciulata"]
[Date "2016.04.19"]
[Round "2"]
[White "Stejeroiu, Vlad"]
[Black "Miroi, Robert Andrei"]
[Result "1/2-1/2"]
[WhiteElo "1873"]
[BlackElo "1985"]
[PlyCount "110"]
[EventDate "2016.04.18"]
[EventType "swiss"]
[EventRounds "9"]
[EventCountry "ROU"]
[SourceTitle "CBM 172 Extra"]
[Source "ChessBase"]
[SourceDate "2016.06.21"]
[SourceVersion "1"]
[SourceVersionDate "2016.06.21"]
[SourceQuality "1"]

1. d4 Nf6 2. Nf3 e6 3. e3 d5 4. c4 Bb4+ 5. Bd2 Qe7 6. Qa4+ Nc6 7. Nc3 0-0 8. Bd3 Bd7 9. Qc2 dxc4 10. Bxc4 e5 11. d5 Na5 12. Be2 b6 13. e4 Nb7 14. a3 Bd6 15. 0-0 a5 16. Bb5 Nc5 17. Bxd7 Qxd7 18. b4 axb4 19. axb4 Na6 20. b5 Nc5 21. Be3 Qg4 22. Nd2 Nfd7 23. f3 Qg6 24. Ra2 Rxa2 25. Nxa2 f5 26. Nc3 f4 27. Bf2 Qh5 28. Na4 Rf6 29. Nxc5 Nxc5 30. Nb3 Rh6 31. h3 Nxb3 32. Qxb3 Rg6 33. Kh2 Qg5 34. Rg1 Qe7 35. Qa2 h6 36. Qa8+ Kh7 37. Qc8 Bc5 38. Bxc5 Qxc5 39. Qe8 Qc3 40. Qd7 Rf6 41. Qe8 Qb2 42. Qd7 Qc3 43. Qe7 Rg6 44. Qf7 Rf6 45. Qe8 Qb2 46. Qd7 Qc3 47. Qe7 Rg6 48. Qf7 Rf6 49. Qh5 Qb2 50. Qe8 Rg6 51. Qd7 Qc3 52. Qf5 Qb2 53. Qd7 Qc3 54. Qf5 Qb2 55. Qd7 Qc3 1/2-1/2

[Event "ROM-ch U18"]
[Site "Calimanesti Caciulata"]
[Date "2016.04.18"]
[Round "1"]
[White "Salim, Riza"]
[Black "Stejeroiu, Vlad"]
[Result "1-0"]
[WhiteElo "2153"]
[BlackElo "1873"]
[PlyCount "71"]
[EventDate "2016.04.18"]
[EventType "swiss"]
[EventRounds "9"]
[EventCountry "ROU"]
[SourceTitle "CBM 172 Extra"]
[Source "ChessBase"]
[SourceDate "2016.06.21"]
[SourceVersion "1"]
[SourceVersionDate "2016.06.21"]
[SourceQuality "1"]

1. e4 c5 2. Nf3 e6 3. d4 cxd4 4. Nxd4 a6 5. c4 Qc7 6. Nc3 Nf6 7. a3 d6 8. Be3 Be7 9. Be2 0-0 10. 0-0 Nbd7 11. f3 b6 12. Qd2 Bb7 13. b4 Rfe8 14. Rfc1 Rac8 15. Bf1 Qb8 16. Qf2 Bd8 17. Nb3 Bc7 18. g3 h5 19. a4 h4 20. g4 d5 21. cxd5 exd5 22. g5 Nh5 23. Nxd5 Bxd5 24. exd5 Rxe3 25. Rxc7 Rxb3 26. Rxd7 Rxb4 27. Qd2 a5 28. Re1 Re8 29. d6 Rxe1 30. Qxe1 Qc8 31. Rc7 Qf5 32. Qd2 Nf4 33. d7 Qxg5+ 34. Kh1 Qg2+ 35. Bxg2 Rb1+ 36. Rc1 1-0

[Event "ROM-ch U16"]
[Site "Calimanesti"]
[Date "2015.04.06"]
[Round "9"]
[White "Stejeroiu, Vlad"]
[Black "Comsa, Razvan Lucian"]
[Result "0-1"]
[WhiteElo "1895"]
[BlackElo "1790"]
[PlyCount "74"]
[EventDate "2015.03.30"]
[EventType "swiss"]
[EventRounds "9"]
[EventCountry "ROU"]
[SourceTitle "CBM 165 Extra"]
[Source "ChessBase"]
[SourceDate "2015.04.21"]
[SourceVersion "1"]
[SourceVersionDate "2015.04.21"]
[SourceQuality "1"]

1. e4 g6 2. d4 Bg7 3. Nc3 a6 4. f4 d5 5. e5 h5 6. Bd3 Nh6 7. Be3 Bf5 8. Nf3 e6 9. Qd2 Nc6 10. h3 Bxd3 11. Qxd3 Nf5 12. 0-0-0 h4 13. Bf2 b5 14. Ne2 Bf8 15. g4 hxg3 16. Nxg3 Nxg3 17. Bxg3 Nb4 18. Qb3 a5 19. a3 a4 20. Qe3 Nc6 21. Kd2 Na5 22. Ke2 Nc4 23. Qc1 b4 24. axb4 Bxb4 25. c3 Be7 26. Nd2 Qb8 27. Nxc4 Qb5 28. Qc2 Rb8 29. Kf3 Qxc4 30. Ra1 Rb3 31. Bf2 a3 32. Ra2 axb2 33. Ra8+ Kd7 34. Rxh8 Rxc3+ 35. Qxc3 Qxc3+ 36. Kg2 Qc2 37. Rb8 Bh4 0-1

[Event "ROM-ch U14"]
[Site "Calimanesti"]
[Date "2013.04.08"]
[Round "9"]
[White "Stejeroiu, Vlad"]
[Black "Comsa, Ciprian Mihai"]
[Result "1/2-1/2"]
[WhiteElo "1666"]
[BlackElo "1668"]
[PlyCount "70"]
[EventDate "2013.04.02"]
[EventType "swiss"]
[EventRounds "9"]
[EventCountry "ROU"]
[SourceTitle "CBM 153 Extra"]
[Source "ChessBase"]
[SourceDate "2013.04.22"]
[SourceVersion "1"]
[SourceVersionDate "2013.04.22"]
[SourceQuality "1"]

1. e4 e5 2. Nf3 Nc6 3. Bb5 Nf6 4. 0-0 Nxe4 5. Re1 Nd6 6. Bxc6 dxc6 7. Nxe5 Be7 8. d4 0-0 9. Bf4 Be6 10. c3 Re8 11. Nd2 Bf8 12. Nb3 f6 13. Nd3 b6 14. Bg3 Qd7 15. Nf4 Bf7 16. Nd2 Rxe1+ 17. Qxe1 Re8 18. Qf1 b5 19. b3 Nf5 20. Nd3 Nxg3 21. hxg3 Qf5 22. Nf3 Bh5 23. Nh4 Qe4 24. Nf4 Bf7 25. Nf3 Qc2 26. Qc1 Qxc1+ 27. Rxc1 g5 28. Nd3 Re2 29. Nb4 c5 30. dxc5 Bxc5 31. Nd4 Bxd4 32. cxd4 a5 33. Nc2 Bg6 34. Ne3 Rxa2 35. Rxc7 Ra3 1/2-1/2